Gaming Quiz

Random Gaming or Video Games Quiz

Atari 2600 Games Quiz Stats

 Plays Quiz Updated Dec 18, 2019

Support Sporcle.
Go Orange.
Score 0/12 Timer 03:00
2 Plays Today
Approx. Copies Sold Game % Correct
7 millionPac-Man
81.3%
1 millionSpace Invaders
55.8%
4 millionPitfall!
49.2%
1.5 millionE.T. the Extra-Terrestial
36.6%
2.5 millionMissile Command
22.8%
1 millionAdventure
18.7%
1 millionRiver Raid
12.6%
1 millionKaboom!
11.9%
1 millionAtlantis
4.6%
2 millionDemon Attack
4.3%
1 millionMegamania
3.8%
1 millionCosmic Ark
2.6%

From the Vault

'60s Rock Band Members

by SporcleEXP

Music 4m
The only things you needed to form a band in the '60s were peace, love, and a lot of drugs.
Remove Ads.
Support Sporcle.
Get the best of Sporcle when you Go Orange. This ad-free experience offers more features, more stats, and more fun while also helping to support Sporcle. Thank you for becoming a member.

Show Comments

Extras

Top Quizzes Today


Score Distribution

Your Account Isn't Verified!

In order to create a playlist on Sporcle, you need to verify the email address you used during registration. Go to your Sporcle Settings to finish the process.

Report this User

Report this user for behavior that violates our Community Guidelines.

Details: